Todos os direitos são importantes (Record no. 42530)
[ view plain ]
| 000 -Etiqueta do registo | |
|---|---|
| Valores | 00544nam a2200169 4500 |
| 100 ## - Dados gerais de processamento | |
| Dados gerais | 20240112 pory50 |
| 101 ## - Língua de publicação | |
| Língua | por |
| 102 ## - País de publicação | |
| País | PT |
| 200 ## - Titulo e menção de responsabilidade | |
| Título próprio | Todos os direitos são importantes |
| Informação de outro título | um recurso educativo sobre a convenção dos direitos da criança |
| Primeira menção de responsabilidade | DEFY |
| 210 ## - Publicação | |
| Local de publicação | Lisboa |
| Nome do editor | Amnistia Internacional Secção Portuguesa |
| Data de publicação | 2005 |
| 215 ## - Descrição física | |
| Paginação / Volumes | 50 p. |
| Outras indicações físicas | il. |
| 314 ## - Responsabilidade Intelectual | |
| Texto da nota | DEFY - Development Education for Youth / Amnesty International Irish Section |
| 675 ## - CDU | |
| Notação | 343.4 |
| 801 ## - Fonte de origem | |
| País | PT |
| Regras de catalogação | RPC |
| 990 ## - Elementos KOHA | |
| Tipo de documento | Livro |
| Aquisição | Empréstimo | Código de barras | Cota | Permissão de empréstimo | Tipo de documento |
|---|---|---|---|---|---|
| Biblioteca Escolar Doutor Hernâni Cidade | Biblioteca Escolar Doutor Hernâni Cidade | 55648 | 343.4 AA.VV. DIR. HUM. | Livro |